| 000 | 00974nmc a2200349 a 4500 | ||
|---|---|---|---|
| 003 | AR-BaBNM | ||
| 005 | 20251128202745.0 | ||
| 008 | 285020s1994 ||||||||||||||000 | spa|| | ||
| 020 | _a987-9069-11-0 | ||
| 040 | _cAR-BaBNM | ||
| 100 | 1 | _aBertoni, Lilia Ana | |
| 245 | 1 | 0 | _aLos tiempos de Yrigoyen |
| 260 |
_aBuenos Aires _bGramón-Colihue _c1994 |
||
| 300 | 0 | _a63 p. | |
| 490 | 0 |
_aUna historia argentina _vv. 10 |
|
| 600 | 1 | 4 | _aYrigoyen, Hipólito |
| 600 | 1 | 4 | _aSáenz Peña, Roque |
| 610 | 2 | 4 | _aUnión Cívica Radical [Argentina] |
| 650 | 4 | _aHISTORIA POLITICA | |
| 650 | 4 | _aPRIMERA GUERRA MUNDIAL | |
| 650 | 4 | _aSEMANA TRAGICA | |
| 650 | 4 | _aCRISIS ECONOMICA | |
| 650 | 4 | _aNACIONALISMO | |
| 651 | 4 | _aArgentina | |
| 653 | 0 | _aLEY DE SUFRAGIO UNIVERSAL | |
| 653 | 0 | _aGOLPE DE ESTADO 1930 | |
| 700 | 1 | _aRomero, Luis Alberto | |
| 700 | 1 |
_aMontes, Graciela _ecolaborador |
|
| 700 | 1 |
_aSchlaen, Carlos _eilustrador |
|
| 942 | _cBK | ||
| 998 | _cmaria eugenia | ||
| 999 |
_c425 _d425 |
||